[Event "Acropolis Open"]
[Site "Athens GRE"]
[Date "2007.08.16"]
[Round "3"]
[White "Smirin,I"]
[Black "Grivas,E"]
[Result "1-0"]
[WhiteElo "2649"]
[BlackElo "2507"]

1.e4 c5 2.Nf3 Nc6 3.Bb5 e6 4.O-O Nge7 5.Nc3 Nd4 6.Nxd4 cxd4 7.Ne2 a6 8.Ba4 Nc6
9.d3 Bc5 10.f4 d5 11.exd5 Qxd5 12.Ng3 f5 13.Kh1 O-O 14.Bd2 Bd7 15.Ne2 Ne7
16.Bb3 Qd6 17.Ng1 Nd5 18.Qe1 a5 19.a4 Ne3 20.Bxe3 dxe3 21.d4 Ba7 22.Rd1 Rfe8
23.Qxe3 Qb4 24.Qe1 Rad8 25.Nf3 Bc8 26.Qxb4 axb4 27.Rfe1 h6 28.Re5 g6 29.Rb5 Bb8
30.Ne5 g5 31.fxg5 hxg5 32.Nc6 bxc6 33.Rxb8 c5 34.Rb5 Rxd4 35.Rxd4 cxd4 36.Rxf5 Kg7
37.Rxg5+ Kf6 38.h4 Bb7 39.Rb5 Be4 40.Rxb4 e5 41.c3 Rh8 42.Bd1 Rxh4+ 43.Kg1 d3
44.a5 Kf5 45.a6 Rh7 46.Kf2 Rh1 47.g4+ Kf6 48.Rxe4 Rxd1 49.Ra4  1-0

[Event "Acropolis Open"]
[Site "Athens GRE"]
[Date "2007.08.17"]
[Round "4"]
[White "Rozentalis,E"]
[Black "Smirin,I"]
[Result "1/2-1/2"]
[WhiteElo "2551"]
[BlackElo "2649"]

1.e4 c5 2.c3 Nf6 3.e5 Nd5 4.g3 Nc6 5.Bg2 e6 6.Qe2 d6 7.f4 dxe5 8.fxe5 g5
9.h3 Bg7 10.Nf3 h5 11.Qe4 O-O 12.d3 f5 13.exf6 Nxf6 14.Qe2 g4 15.hxg4 hxg4
16.Ng5 Qd6 17.Nd2 Ne5 18.Nde4 Qxd3 19.Bf4 Nd5 20.Bxe5 Qxe2+ 21.Kxe2 Bxe5
22.Rh4 Bd7 23.c4 Bxb2 24.Rb1 Bd4 25.cxd5 exd5 26.Nf6+ Rxf6 27.Bxd5+ Kg7 28.Rxb7 Re8+
29.Ne4  1/2-1/2

[Event "Acropolis Open"]
[Site "Athens GRE"]
[Date "2007.08.18"]
[Round "5"]
[White "Smirin,I"]
[Black "Parligras,M"]
[Result "1-0"]
[WhiteElo "2649"]
[BlackElo "2542"]

1.e4 c5 2.Nc3 Nc6 3.Nf3 e5 4.Bc4 Be7 5.d3 d6 6.O-O Nf6 7.Ng5 O-O 8.f4 exf4
9.Bxf4 h6 10.Nf3 Be6 11.Nd5 Bxd5 12.Bxd5 Nxd5 13.exd5 Ne5 14.Bxe5 dxe5 15.c4 Bd6
16.g4 g6 17.Kh1 Kh7 18.Rg1 Qe7 19.Qe2 Rae8 20.Rae1 f6 21.Nd2 Rg8 22.Ref1 Ref8
23.Ne4 Rg7 24.Rg3 Rgf7 25.Rfg1 Rg8 26.Qe3 Kg7 27.Rf1 b6 28.a3 Qd7 29.Qd2 Be7
30.b4 Rh8 31.Qc3 Qc7 32.Qb2 Kh7 33.bxc5 bxc5 34.g5 f5 35.gxh6 Bh4 36.Rgf3 Rhf8
37.Nc3 e4 38.dxe4 fxe4 39.Nb5 Qd7 40.Rxf7+ Rxf7 41.Rxf7+ Qxf7 42.Qg7+ Qxg7
43.hxg7 Kxg7 44.Kg2 Kf6 45.Nxa7 Ke5 46.Nc6+ Kf4 47.a4 e3 48.Kf1 Kf3 49.Ne5+ Ke4
50.a5  1-0

[Event "Acropolis Open"]
[Site "Athens GRE"]
[Date "2007.08.19"]
[Round "6"]
[White "Chatalbashev,B"]
[Black "Smirin,I"]
[Result "0-1"]
[WhiteElo "2573"]
[BlackElo "2649"]

1.d4 Nf6 2.c4 g6 3.Nc3 Bg7 4.e4 d6 5.Bd3 O-O 6.Nge2 Nc6 7.O-O Nd7 8.Be3 e5
9.d5 Nd4 10.Qd2 c5 11.dxc6 bxc6 12.b4 c5 13.b5 f5 14.Bg5 Bf6 15.Bh6 Rf7 16.f4 Bb7
17.fxe5 Bxe5 18.exf5 gxf5 19.Ng3 Qh4 20.Bg5 Qg4 21.Bf4 h5 22.Nd5 Bxd5 23.cxd5 h4
24.Bxe5 Nxe5 25.Be2 Qg7 26.Nh5 Nef3+ 27.Bxf3 Nxf3+ 28.Rxf3 Qxa1+ 29.Kf2 Qd4+
30.Qxd4 cxd4 31.Rd3 Rc8 32.Rxd4 Rc2+ 33.Kf3 Rfc7 34.a4 Kf7 35.Nf4 R7c3+ 36.Nd3 Rc4
37.Rxc4 Rxc4 38.a5 Rd4 39.Nf4 Rb4 40.b6 axb6 41.axb6 Kf6 42.g3 Rb3+ 43.Kg2 hxg3
44.hxg3 Rxb6  0-1

[Event "Rapid"]
[Site "Beer Sheva ISR"]
[Date "2007.10.20"]
[Round "1"]
[White "Smirin,I"]
[Black "Greenfeld,A"]
[Result "1-0"]
[WhiteElo "2639"]
[BlackElo "2559"]

1.e4 e5 2.Nf3 Nc6 3.Bb5 a6 4.Ba4 Nf6 5.O-O Be7 6.Re1 b5 7.Bb3 d6 8.c3 O-O
9.h3 Na5 10.Bc2 d5 11.d4 Nxe4 12.Nxe5 f6 13.Nf3 Nc4 14.Nbd2 Ncxd2 15.Bxd2 Bb7
16.Bf4 Bd6 17.Bxd6 Qxd6 18.Nd2 Rae8 19.Nb3 Qf4 20.Re2 Bc8 21.Qe1 Nd6 22.Nc5 Rxe2
23.Qxe2 Re8 24.Qh5 f5 25.Qd1 Qg5 26.a4 f4 27.Qf3 c6 28.axb5 axb5 29.Kf1 Nf5
30.Bxf5 Qxf5 31.Nd3 Re4 32.Ne5 c5 33.Qd1 b4 34.Ra8 bxc3 35.bxc3 cxd4 36.cxd4 f3
37.Nxf3 Re8 38.Kg1  1-0

[Event "TCh-ISR"]
[Site "Israel ISR"]
[Date "2008.01.04"]
[Round "2"]
[White "Smirin,I"]
[Black "Malisov,B"]
[Result "1-0"]
[WhiteElo "2630"]
[BlackElo "2366"]

1.e4 c6 2.d4 d5 3.e5 Na6 4.c3 Nc7 5.Bd3 g6 6.Ne2 Nh6 7.h4 Bf5 8.h5 Qd7 9.Ng3 Bxd3
10.Qxd3 O-O-O 11.Nd2 Nf5 12.hxg6 fxg6 13.Ne2 e6 14.Nf3 Be7 15.g4 Ng7 16.Bh6 Rdg8
17.O-O-O Nge8 18.Rh3 b6 19.Rdh1 c5 20.dxc5 bxc5 21.Be3 Rg7 22.Kb1 Rf7 23.Nd2 Kb8
24.c4 Qc6 25.f4 dxc4 26.Qxc4 Nd5 27.Ne4 Nec7 28.Bxc5 Bxc5 29.Nxc5 Ka8 30.Rc1 Nb6
31.Qd3 Qd5 32.Qc2 Rc8 33.Rd1  1-0

[Event "TCh-ISR"]
[Site "Israel ISR"]
[Date "2008.03.28"]
[Round "4"]
[White "Berkovich,M"]
[Black "Smirin,I"]
[Result "1/2-1/2"]
[WhiteElo "2394"]
[BlackElo "2630"]

1.Nf3 Nf6 2.g3 d5 3.Bg2 c6 4.O-O Bf5 5.d3 e6 6.c4 Nbd7 7.Nc3 Be7 8.cxd5 cxd5
9.e4 dxe4 10.dxe4 Bxe4 11.Nxe4 Nxe4 12.Bf4 O-O 13.Ne5 Ndf6 14.Qe2 Nd6 15.Rfd1 Qb6
16.Rxd6 Bxd6 17.Nc4 Qa6 18.Bxd6 Rfc8 19.b3 Rxc4 20.Qxc4 Qxd6 21.Bxb7 Rd8
22.Bf3 Qe5 23.Rc1 g5  1/2-1/2

[Event "TCh-ISR"]
[Site "Israel ISR"]
[Date "2008.04.04"]
[Round "6"]
[White "Smirin,I"]
[Black "Oratovsky,M"]
[Result "1-0"]
[WhiteElo "2630"]
[BlackElo "2524"]

1.e4 c5 2.Nf3 Nc6 3.d4 cxd4 4.Nxd4 g6 5.c4 Nf6 6.Nc3 d6 7.Nc2 Bg7 8.Be2 Nd7
9.Bd2 a5 10.Na3 Nc5 11.Nab5 O-O 12.Be3 a4 13.O-O Be6 14.f3 Na5 15.Na3 Nc6
16.Qd2 Qa5 17.Rfd1 Rfc8 18.Nd5 Bxd5 19.cxd5 Qxd2 20.Rxd2 Nb4 21.g4 f5 22.exf5 gxf5
23.g5 Nd7 24.Bb5 Ne5 25.Kg2 f4 26.Bxf4 Rf8 27.Bxe5 Bxe5 28.Bd7 Rf4 29.Rc1 Rh4
30.h3 Rh5 31.Rc4 Rxg5+  1-0

[Event "TCh-ISR"]
[Site "Israel ISR"]
[Date "2008.04.05"]
[Round "7"]
[White "Zilberman,Y"]
[Black "Smirin,I"]
[Result "1-0"]
[WhiteElo "2449"]
[BlackElo "2630"]

1.d4 Nf6 2.Nf3 g6 3.c4 Bg7 4.Nc3 d5 5.e3 O-O 6.Bd2 c5 7.dxc5 Na6 8.cxd5 Nxc5
9.Bc4 a6 10.a4 Bg4 11.O-O Nfe4 12.h3 Bxf3 13.gxf3 Nxd2 14.Qxd2 Rc8 15.a5 e6
16.Kh2 Qh4 17.Qe2 Rfe8 18.dxe6 Nxe6 19.Bxe6 Rxe6 20.Ra4 Qh5 21.Ne4 Rec6 22.Kg2 Rc2
23.Qd3 Rxb2 24.Rc1 Rf8 25.Rc5 f5 26.Nd6 Qg5+ 27.Rg4 Qe7 28.Rgc4 Qe6 29.Rc7 f4
30.Rxf4 Be5 31.Rxf8+ Kxf8 32.Rf7+ Kg8 33.Rxb7 Rxb7 34.Nxb7 Bc7 35.Nc5 Qe5
36.Qc4+ Kh8 37.Ne6  1-0

[Event "IX EICC"]
[Site "Plovdiv BUL"]
[Date "2008.04.21"]
[Round "1"]
[White "Smirin,I"]
[Black "Efimov,Ig"]
[Result "1-0"]
[WhiteElo "2630"]
[BlackElo "2469"]

1.e4 c5 2.Nf3 Nc6 3.Bb5 e6 4.O-O Nge7 5.c3 a6 6.Ba4 b5 7.Bc2 Bb7 8.Re1 Rc8
9.a4 b4 10.d4 bxc3 11.d5 Nb4 12.bxc3 Nxc2 13.Qxc2 Ng6 14.Na3 Be7 15.Rb1 Ba8
16.Nc4 O-O 17.Nb6 Rb8 18.a5 c4 19.Be3 Qc7 20.Red1 f5 21.exf5 Rxf5 22.Nxa8 Rxa8
23.dxe6 dxe6 24.Qe4 Qc8 25.Rb6 Nf8 26.Nd4 Rd5 27.Rdb1 Bd6 28.g3 Qe8 29.Rc6 Rc8
30.Rxa6 Rcc5 31.Nxe6 Rxa5 32.Rxa5 Rxa5 33.Ng5 Qxe4 34.Nxe4 Be7 35.Rb7 Ng6
36.Rc7 Ra4 37.Bd4 Kf8 38.h4 h5 39.Kg2  1-0

[Event "IX EICC"]
[Site "Plovdiv BUL"]
[Date "2008.04.23"]
[Round "3"]
[White "Smirin,I"]
[Black "Ovetchkin,R"]
[Result "1-0"]
[WhiteElo "2630"]
[BlackElo "2556"]

1.e4 c6 2.d4 d5 3.e5 Bf5 4.Nf3 e6 5.Be2 Bb4+ 6.Nbd2 Nd7 7.O-O Ba5 8.c3 Bc7
9.Re1 Nh6 10.Nf1 O-O 11.Ng3 Bg6 12.Bg5 f6 13.exf6 Nxf6 14.Bd3 Qe8 15.Bxg6 hxg6
16.Qd3 Bxg3 17.hxg3 Nhg4 18.Bxf6 Rxf6 19.Re2 Qf8 20.Rae1 Re8 21.Qd2 Qe7 22.b3 Nh6
23.c4 Nf7 24.c5 Qd7 25.b4 a6 26.a4 Re7 27.Nh2 Nh6 28.g4 Rf8 29.g5 Nf7 30.f4 e5
31.dxe5 Nd8 32.a5 Ne6 33.g3 d4 34.Qd3 Qd5 35.Nf1 Rf5 36.Nd2 Ref7 37.Rd1 b6
38.cxb6 c5 39.Qc4 Qc6 40.Ne4 d3  1-0

[Event "IX EICC"]
[Site "Plovdiv BUL"]
[Date "2008.04.25"]
[Round "5"]
[White "Smirin,I"]
[Black "Laznicka,V"]
[Result "0-1"]
[WhiteElo "2630"]
[BlackElo "2578"]

1.e4 c5 2.Nf3 e6 3.d3 Nc6 4.g3 Nf6 5.Bg2 d6 6.O-O Be7 7.Nbd2 O-O 8.Re1 Bd7
9.Nc4 b5 10.Nxd6 Bxd6 11.e5 Be7 12.exf6 Bxf6 13.h4 Rc8 14.Ng5 h6 15.Ne4 Be7
16.Be3 Nb4 17.Nc3 Bc6 18.Bxc6 Nxc6 19.Nxb5 Qb6 20.a4 a6 21.Na3 Qxb2 22.Nc4 Qf6
23.Bf4 Rcd8 24.Rb1 Nb4 25.Kg2 Rfe8 26.Be5 Qf5 27.h5 Bf8 28.f4 Rd7 29.Qe2 Qh7
30.a5 Red8 31.Kh2 Be7 32.Nb6 Ra7 33.Nc4 Rad7 34.Rb3 Bf6 35.Kg2 Bxe5 36.Nxe5 Rd5
37.Rc3 Qf5 38.Rc4 Qf6 39.Rd1 Qe7 40.Re4 Qc7 41.Rc4 Nc6 42.Nxc6 Qxc6 43.Qf3 Qb5
44.Ra1 Qb2 45.Rd1 Qa2 46.g4 Qxa5 47.Rf1 Rd4 48.Rxd4 cxd4 49.f5 exf5 50.Qxf5 Qc7
51.Rf2 Re8 52.Qf4 Qd7 53.Qf5 Re6 54.Qf3 Re5 55.Re2 Rg5 56.Kg3 Kh7 57.Kh4 f5
58.gxf5 Rxf5 59.Qg4 Qf7 60.Re4 Qf6+ 61.Kh3 Rg5 62.Qe2 Qf5+ 63.Kh4 Rg1  0-1

[Event "IX EICC"]
[Site "Plovdiv BUL"]
[Date "2008.05.01"]
[Round "10"]
[White "Kryvoruchko,Y"]
[Black "Smirin,I"]
[Result "1-0"]
[WhiteElo "2612"]
[BlackElo "2630"]

1.e4 c5 2.Nf3 e6 3.d4 cxd4 4.Nxd4 a6 5.Nc3 Qc7 6.Bd3 Bc5 7.Nb3 Be7 8.O-O Nf6
9.f4 d6 10.e5 dxe5 11.fxe5 Qxe5 12.Bf4 Qh5 13.Be2 Qh4 14.g3 Qh3 15.Ne4 e5
16.Nd6+ Bxd6 17.Qxd6 Nbd7 18.Rfe1 Ne4 19.Qb4 f5 20.Bf3 exf4 21.Bxe4 fxe4
22.Rxe4+ Kd8 23.Rd1 Qh6 24.Rd6  1-0

[Event "TCh-ISR"]
[Site "Israel ISR"]
[Date "2008.05.16"]
[Round "8"]
[White "Smirin,I"]
[Black "Kudischewitsch,D"]
[Result "1/2-1/2"]
[WhiteElo "2630"]
[BlackElo "2330"]

1.e4 c5 2.Nf3 e6 3.d3 Nc6 4.g3 d5 5.Qe2 Nf6 6.Bg2 Be7 7.e5 Nd7 8.c4 O-O 9.O-O Re8
10.Re1 Nf8 11.h4 a6 12.a4 b6 13.Nc3 Nb4 14.Ng5 h6 15.Nh3 Ra7 16.Nf4 d4 17.Na2 Nxa2
18.Rxa2 Bb7 19.Bxb7 Rxb7 20.Nh5 Ng6 21.Nxg7 Kxg7 22.h5 Bf8 23.Qe4 Ra7 24.hxg6 fxg6
25.a5 b5 26.b3 b4 27.g4 Rf7 28.f4 Qa8 29.Rg2 Be7 30.Rf1 Qxe4 31.dxe4 g5  1/2-1/2

[Event "TCh-ISR"]
[Site "Israel ISR"]
[Date "2008.05.30"]
[Round "11"]
[White "Smirin,I"]
[Black "Kaspi,A"]
[Result "1-0"]
[WhiteElo "2630"]
[BlackElo "2457"]

1.e4 c5 2.Nf3 d6 3.d4 cxd4 4.Nxd4 Nf6 5.Nc3 a6 6.g3 e5 7.Nb3 Be7 8.Bg2 Nbd7
9.a4 b6 10.O-O Bb7 11.Re1 O-O 12.Nd2 Qb8 13.b3 b5 14.Bb2 Bc6 15.Nd5 Bxd5
16.exd5 Bd8 17.Qe2 Ba5 18.c3 Ra7 19.b4 Bb6 20.a5 Bd8 21.c4 bxc4 22.Qxc4 Ne8
23.Bc1 Nc7 24.Qd3 Nb5 25.Bb2 f5 26.Rac1 g6 27.Rc6 Bf6 28.Nc4 e4 29.Qd2 Bxb2
30.Qxb2 Re8 31.Bf1 h5 32.Rc1 Kh7 33.Qd2 Qd8 34.Qe3 Qb8 35.Nxd6 Nxd6 36.Rxd6 Qxd6
37.Qxa7 Re7 38.Rc7 h4 39.Qxa6 Qxd5 40.Qc4 Qd1 41.Qc1 Qd6 42.Qf4 Qxb4 43.Qxh4+ Kg7
44.a6 Qa3 45.a7  1-0

[Event "World Open"]
[Site "Philadelphia USA"]
[Date "2008.07.03"]
[Round "3"]
[White "Swathi,G"]
[Black "Smirin,I"]
[Result "1-0"]
[WhiteElo "2351"]
[BlackElo "2637"]

1.e4 c5 2.Nf3 e6 3.d4 cxd4 4.Nxd4 a6 5.Bd3 Bc5 6.Nb3 Be7 7.Qg4 g6 8.c4 d6
9.Nc3 Nf6 10.Qe2 O-O 11.O-O Nc6 12.Be3 b6 13.f4 Re8 14.Rac1 Rb8 15.Rfd1 Nd7
16.Bb1 Bb7 17.Rd2 Qc7 18.Nb5 axb5 19.cxb5 Nc5 20.bxc6 Qxc6 21.Nd4 Qa4 22.e5 Red8
23.exd6 Rxd6 24.b3 Qd7 25.Rcd1 Ne4 26.Bxe4 Bxe4 27.Nf3 Rxd2 28.Rxd2 Qc7 29.Ne5 Rd8
30.Rxd8+ Qxd8 31.h3 h5 32.Qc4 Qa8 33.Qc7 Qxa2  1-0

[Event "World Open"]
[Site "Philadelphia USA"]
[Date "2008.07.04"]
[Round "4"]
[White "Smirin,I"]
[Black "Bartholomew,J"]
[Result "1/2-1/2"]
[WhiteElo "2637"]
[BlackElo "2440"]

1.e4 d5 2.exd5 Qxd5 3.Nc3 Qa5 4.d4 c6 5.g3 Nf6 6.Bg2 Bf5 7.Nf3 e6 8.O-O Nbd7
9.Nh4 Bg6 10.h3 Be7 11.Bd2 Qb6 12.Nxg6 hxg6 13.Ne2 Qxb2 14.c4 Qa3 15.Qc2 O-O
16.Rab1 Qa6 17.Nf4 Rac8 18.Rfe1 b6 19.Nxe6 fxe6 20.Rxe6 Rf7 21.Rbe1 Ba3 22.R1e3 Nf8
23.Rxc6 Rxc6 24.Bxc6 Qc8 25.Bg2 Bd6 26.Qd3 Qf5 27.a4 Qxd3 28.Rxd3 Rc7 29.g4 g5
30.c5 bxc5 31.dxc5 Bxc5 32.Bxg5 Ne6 33.Bd2 Kf7 34.Kf1 g5 35.a5 Ke7 36.a6 Bd6
37.Rb3 Nf4 38.Be3 Kd7 39.Rb5 Ne6 40.Bxg5 Nxg5 41.Rxg5 Rc1+ 42.Ke2 Rc2+ 43.Kf1 Rc1+
44.Ke2 Rc2+  1/2-1/2

[Event "41st Festival MTO"]
[Site "Biel SUI"]
[Date "2008.07.21"]
[Round "1"]
[White "Guex,P"]
[Black "Smirin,I"]
[Result "0-1"]
[WhiteElo "2188"]
[BlackElo "2637"]

1.e4 g6 2.d4 Bg7 3.Nc3 d6 4.Nf3 Nf6 5.Be2 O-O 6.O-O Nc6 7.d5 Nb8 8.a4 e5
9.dxe6 Bxe6 10.Nd4 Bd7 11.f4 Nc6 12.Nxc6 Bxc6 13.Bf3 Re8 14.Re1 Nd7 15.Nd5 a5
16.c3 Nc5 17.Re2 Qd7 18.b3 Bxd5 19.Qxd5 Bxc3 20.Rb1 Qe6 21.Qd1 Qf6 22.Qc2 Na6
23.Be3 Bd4 24.Qd2 Bxe3+ 25.Qxe3 Nc5 26.e5 Qe7 27.Rd1 Rad8 28.h3 Qe6 29.Bd5 Qe7
30.Qc3 c6 31.Bf3 d5 32.g4 Ne6 33.Qd2 Qb4 34.f5 Nf4  0-1

[Event "41st Festival MTO"]
[Site "Biel SUI"]
[Date "2008.07.23"]
[Round "3"]
[White "Berczes,D"]
[Black "Smirin,I"]
[Result "1/2-1/2"]
[WhiteElo "2458"]
[BlackElo "2637"]

1.d4 Nf6 2.c4 g6 3.Nc3 Bg7 4.e4 d6 5.Nf3 O-O 6.Be2 e5 7.O-O Nc6 8.Be3 Re8
9.dxe5 dxe5 10.Qxd8 Nxd8 11.Nb5 Ne6 12.Ng5 Re7 13.Rfd1 b6 14.a4 c6 15.Nxe6 Bxe6
16.Nc3 Rb7 17.Rd6 Ne8 18.Rd2 Bf8 19.a5 bxa5 20.Rxa5 Bb4 21.Ra6 Nd6 22.Rd1 Bxc3
23.bxc3 Bxc4 24.Bxc4 Nxc4 25.Bh6 Re7 26.Rb1 f6 27.Rb4 Nd6 28.Be3 Kf7 29.f3 Ke6
30.Bc5 Kd7 31.Rb1 Ke6 32.Bb6 Rd7  1/2-1/2

[Event "41st Festival MTO"]
[Site "Biel SUI"]
[Date "2008.07.25"]
[Round "5"]
[White "Hausrath,D"]
[Black "Smirin,I"]
[Result "1/2-1/2"]
[WhiteElo "2491"]
[BlackElo "2637"]

1.Nf3 Nf6 2.g3 g6 3.Bg2 Bg7 4.O-O O-O 5.d4 d5 6.Nbd2 a5 7.Ne5 Ng4 8.Nxg4 Bxg4
9.c3 Qd7 10.a4 Nc6 11.Qb3 e5 12.e4 exd4 13.exd5 Ne7 14.Ne4 b6 15.c4 Bf5 16.Bf4 Nc8
17.Qb5 Qxb5 18.cxb5 Bxe4 19.Bxe4 Nd6 20.Bd3 Rfd8 21.Rac1 Rd7 22.Bxd6 cxd6
23.Rc6 Rb8 24.Re1 Kf8 25.Re4 Re7 26.Rxe7 Kxe7 27.Kf1  1/2-1/2

[Event "41st Festival MTO"]
[Site "Biel SUI"]
[Date "2008.07.28"]
[Round "7"]
[White "Bindrich,F"]
[Black "Smirin,I"]
[Result "0-1"]
[WhiteElo "2516"]
[BlackElo "2637"]

1.Nf3 c5 2.c4 Nc6 3.Nc3 e5 4.e3 Nf6 5.d4 cxd4 6.exd4 e4 7.Nd2 Bb4 8.a3 Bxc3
9.bxc3 O-O 10.Be2 b6 11.O-O Ba6 12.f3 e3 13.Ne4 Na5 14.Bxe3 Nxe4 15.fxe4 Bxc4
16.d5 Qe7 17.Rf4 f5 18.Bxc4 Nxc4 19.Qd3 Nxe3 20.Qxe3 Rae8 21.Re1 Qxa3 22.e5 Rc8
23.e6 Rxc3 24.Qd4 dxe6 25.dxe6 Qc5 26.g4 fxg4 27.Qxc5 Rxc5 28.Rd4 Re8 29.Rd7 Rc6
30.e7 a5 31.Ra7 Kf7 32.Kg2 Re6 33.Rxe6 Kxe6 34.Rb7 Rxe7 35.Rxb6+ Kf5 36.Ra6  0-1

[Event "41st Festival MTO"]
[Site "Biel SUI"]
[Date "2008.08.01"]
[Round "11"]
[White "Hug,W"]
[Black "Smirin,I"]
[Result "1/2-1/2"]
[WhiteElo "2437"]
[BlackElo "2637"]

1.d4 Nf6 2.Nf3 g6 3.Bg5 Bg7 4.Nbd2 O-O 5.c3 d5 6.e3 Nbd7 7.Be2 Re8 8.O-O e5
9.Bh4 e4 10.Ne1 h6 11.Nc2 Nf8 12.c4 g5 13.Bg3 Ng6 14.Na3 a6 15.Rc1 c6 16.cxd5 cxd5
17.Nab1 Bd7 18.Nc3 Bf8 19.Nb3 g4 20.Nc5 Bc8 21.Qb3 b6 22.N5a4 b5 23.Nc5 h5
24.Nd1 Bh6 25.Qc3 h4 26.Be5 Nxe5 27.dxe5 Nh7 28.e6 Bxe6 29.Nxe6 fxe6 30.Bxg4 Qg5
31.h3 Nf6 32.f4 exf3 33.Bxf3 Ra7 34.Rc2 Bf8 35.Qd4 Rg7 36.Nf2 Qf5 37.Rc6 Rg6
38.Bg4 Qg5 39.Rxe6 Rxe6 40.Bxe6+ Kh7 41.Ng4 Nxg4 42.Bxg4 Bg7 43.Qc5 Bh6 44.Rf4 Kh8
45.Qc3+ Bg7 46.Qc8+ Kh7 47.Qc2 Kh8 48.Qc8+ Kh7 49.Qc2  1/2-1/2

[Event "Acropolis Open"]
[Site "Athens GRE"]
[Date "2008.08.09"]
[Round "1"]
[White "Kanakaris,G"]
[Black "Smirin,I"]
[Result "0-1"]
[WhiteElo "2284"]
[BlackElo "2637"]

1.d4 d6 2.c4 e5 3.dxe5 dxe5 4.Qxd8+ Kxd8 5.Nc3 Be6 6.Nf3 f6 7.e4 Nd7 8.Be3 c6
9.O-O-O Kc7 10.Be2 Nh6 11.h3 Nf7 12.Nd2 g6 13.Rhf1 h5 14.a3 a5 15.Na4 b6
16.f4 exf4 17.Bxf4+ Bd6 18.c5 Bxf4 19.Rxf4 bxc5 20.Nc4 Rae8 21.Nxa5 Nfe5
22.b4 Ra8 23.Nb2 Rhb8 24.Nac4 cxb4 25.axb4 Rxb4 26.Ne3 Ra1+ 27.Kc2 Rxb2+
28.Kxb2 Ra2+ 29.Kb1 Rxe2 30.Nf1 Rxg2 31.h4 g5  0-1

[Event "Acropolis Open"]
[Site "Athens GRE"]
[Date "2008.08.10"]
[Round "2"]
[White "Smirin,I"]
[Black "Melia,S"]
[Result "1-0"]
[WhiteElo "2637"]
[BlackElo "2416"]

1.e4 c5 2.Nf3 d6 3.d4 cxd4 4.Nxd4 Nf6 5.Nc3 Nc6 6.Bg5 e6 7.Qd2 Qb6 8.Bxf6 gxf6
9.Nb3 a6 10.O-O-O Bd7 11.f4 O-O-O 12.Be2 h5 13.Kb1 Kb8 14.Rhf1 Na5 15.Rf3 Nxb3
16.axb3 Qa5 17.Qd4 Rg8 18.b4 Qc7 19.Nd5 exd5 20.Rc3 Bc6 21.exd5 f5 22.Qf2 Bg7
23.Rc4 Rge8 24.Bf3 Re7 25.Rd3 Rde8 26.dxc6 b5 27.Rcd4 Bxd4 28.Qxd4 Re1+ 29.Ka2 R1e4
30.Bxe4 fxe4 31.Rc3 e3 32.Rxe3 Rxe3 33.Qxe3 Qxc6 34.Kb1 Qxg2 35.Qb6+ Kc8
36.Qxa6+ Kd7 37.Qxb5+ Kd8 38.Qg5+  1-0

[Event "Acropolis Open"]
[Site "Athens GRE"]
[Date "2008.08.13"]
[Round "5"]
[White "Smirin,I"]
[Black "Gelashvili,T"]
[Result "1-0"]
[WhiteElo "2637"]
[BlackElo "2612"]

1.e4 e5 2.Nf3 d6 3.d4 exd4 4.Nxd4 Nf6 5.Nc3 Be7 6.Be2 O-O 7.O-O Re8 8.Re1 Bf8
9.Bf1 Nbd7 10.Bg5 h6 11.Bh4 c6 12.a4 Ne5 13.a5 a6 14.h3 Ng6 15.Bg3 h5 16.Qd2 h4
17.Bh2 Nh5 18.Na4 Qf6 19.Nb6 Rb8 20.Ra3 Ne5 21.Be2 Qg6 22.Re3 Nf6 23.Bf1 c5
24.Nb3 Nxe4 25.Qe2 f5 26.Nd2 Nc6 27.Nxe4 fxe4 28.Rxe4 Rxe4 29.Qxe4 Qxe4 30.Rxe4 Bf5
31.Rxh4 g6 32.Bc4+ Kg7 33.Bf4 Nxa5 34.Ba2 c4 35.Bd2 Be7 36.Rf4 Nc6 37.Bc3+ Kh6
38.Rxc4 Re8 39.Nd5 Bg5 40.f4 Bd8 41.g4 Bxc2 42.g5+ Kh5 43.Nf6+ Bxf6 44.gxf6 Rf8
45.f7 d5 46.Rc5 Rxf7 47.Bxd5 Rf5 48.Bf3+ Kh6 49.Rxf5 Bxf5 50.h4 a5 51.Kf2 Bd7
52.Ke3 b5 53.Ke4 Ne7 54.Ke5 b4 55.Bd2 Nf5 56.Kf6 a4 57.h5 gxh5 58.Bxb4 Ng3
59.Bf8+ Kh7 60.Kg5 Kg8 61.Bb4 Kf7 62.Be1 h4 63.Kxh4 Nf5+ 64.Kg5 Ne3 65.Bc3 Ke6
66.Be4 Kd6 67.Bb4+ Kc7 68.f5 Bxf5 69.Bxf5 Nc4 70.Ba3  1-0

[Event "24th ECC"]
[Site "Kallithea GRE"]
[Date "2008.10.17"]
[Round "1"]
[White "Lehtinen,H"]
[Black "Smirin,I"]
[Result "1-0"]
[WhiteElo "2381"]
[BlackElo "2649"]

1.d4 Nf6 2.Nf3 g6 3.c4 Bg7 4.Nc3 O-O 5.e4 d6 6.Be2 Nbd7 7.O-O e5 8.Be3 Qe7
9.Qc2 c6 10.d5 c5 11.Ne1 Kh8 12.g3 Nb6 13.Ng2 Ng4 14.Bd2 f5 15.exf5 gxf5
16.Rae1 f4 17.gxf4 Rg8 18.Ne4 Bf5 19.Bxg4 Bxg4 20.Ng3 Raf8 21.f3 Bh3 22.fxe5 dxe5
23.Rf2 Nd7 24.Kh1 Rf7 25.Nf4 Qh4 26.Nxh3 Qxh3 27.Rg1 Bh6 28.Bxh6 Qxh6 29.b3 Rf4
30.Ne4 Rxg1+ 31.Kxg1 Rf8 32.Qd2 Qh5 33.Qe2 b6 34.Kh1 Nf6 35.Nxf6 Rxf6 36.Qe3 Qf5
37.Re2 Kg8 38.Qe4 Qh5 39.Qg4+ Qxg4 40.fxg4 Rf4 41.h3 Rd4 42.Rxe5 Rd1+ 43.Kg2 Rd2+
44.Kf3 Rxa2 45.d6 Kf7 46.d7 Rd2 47.Rd5 Rxd5 48.cxd5 Ke7 49.g5 a5 50.h4 c4
51.Ke4  1-0

[Event "24th ECC"]
[Site "Kallithea GRE"]
[Date "2008.10.19"]
[Round "3"]
[White "Smirin,I"]
[Black "Kozul,Z"]
[Result "1-0"]
[WhiteElo "2649"]
[BlackElo "2593"]

1.e4 c5 2.Nf3 d6 3.d4 cxd4 4.Nxd4 Nf6 5.Nc3 Nc6 6.Bg5 e6 7.Qd2 a6 8.O-O-O Bd7
9.f3 Be7 10.Kb1 O-O 11.h4 Qc7 12.h5 h6 13.Bh4 Nxd4 14.Qxd4 Rfc8 15.Qd2 b5
16.Bd3 Bc6 17.g4 b4 18.Ne2 d5 19.e5 Ne4 20.Qe1 Ng5 21.Nd4 Bc5 22.Nxc6 Qxc6
23.Bxg5 hxg5 24.Qd2 Be7 25.f4 Qa4 26.h6 g6 27.f5 Rc5 28.fxg6 fxg6 29.Rdf1 Rac8
30.Bxg6 Rf8 31.Qd3 Rxf1+ 32.Rxf1 Qb5 33.Qf3  1-0

[Event "24th ECC"]
[Site "Kallithea GRE"]
[Date "2008.10.20"]
[Round "4"]
[White "Smirin,I"]
[Black "Iotov,V"]
[Result "1-0"]
[WhiteElo "2649"]
[BlackElo "2532"]

1.e4 e6 2.d4 d5 3.Nd2 Nf6 4.e5 Nfd7 5.c3 c5 6.Bd3 Nc6 7.Ngf3 g6 8.h4 Qb6
9.h5 g5 10.Nxg5 cxd4 11.cxd4 Qxd4 12.Ndf3 Qb4+ 13.Bd2 Qe7 14.Nxh7 Ncxe5 15.Nxe5 Nxe5
16.Bb5+ Bd7 17.Bxd7+ Kxd7 18.Qa4+ Nc6 19.Qb5 Kc7 20.Rc1 Rc8 21.Nxf8 Rhxf8
22.Rh3 Kb8 23.h6 f6 24.Rg3 Nd4 25.Rxc8+ Rxc8 26.Qd3 Nf5 27.Rh3 Qf7 28.g4 Nd6
29.h7 Rh8 30.Qg3 e5 31.g5 Nf5 32.g6 Qg7 33.Qg4 Ne7 34.Bh6 Qxg6 35.Qxg6 Nxg6
36.Bg7 Rg8  1-0

[Event "24th ECC"]
[Site "Kallithea GRE"]
[Date "2008.10.21"]
[Round "5"]
[White "Smirin,I"]
[Black "Ni Hua"]
[Result "1/2-1/2"]
[WhiteElo "2649"]
[BlackElo "2710"]

1.e4 e6 2.d4 d5 3.Nd2 c5 4.Ngf3 cxd4 5.Nxd4 Nc6 6.Bb5 Bd7 7.Nxc6 Bxc6 8.Bxc6+ bxc6
9.c4 Nf6 10.Qa4 Qc7 11.exd5 exd5 12.O-O Be7 13.cxd5 Nxd5 14.Nf3 O-O 15.Bd2 Bf6
16.Rac1 Bxb2 17.Rxc6 Qd7  1/2-1/2

[Event "24th ECC"]
[Site "Kallithea GRE"]
[Date "2008.10.22"]
[Round "6"]
[White "Smirin,I"]
[Black "Grischuk,A"]
[Result "0-1"]
[WhiteElo "2649"]
[BlackElo "2719"]

1.e4 c5 2.Nf3 d6 3.d4 cxd4 4.Nxd4 Nf6 5.Nc3 a6 6.Be2 e5 7.Nb3 Be7 8.O-O O-O
9.Kh1 Nc6 10.f4 b5 11.Bf3 Na5 12.Nxa5 Qxa5 13.Qe1 Qc7 14.a3 Be6 15.f5 Bc4
16.Be2 d5 17.Bxc4 Qxc4 18.Bg5 d4 19.Bxf6 Bxf6 20.Nd5 Qxc2 21.Nxf6+ gxf6 22.Qh4 Kg7
23.Qg4+ Kh8 24.Qh4 Kg7 25.Qg4+ Kh8 26.Qh4 Rg8 27.Qxf6+ Rg7 28.Rg1 Re8 29.Qxa6 Qxe4
30.Qxb5 Reg8 31.Qf1 Qd5 32.a4 e4 33.a5 e3 34.a6 d3 35.a7 e2 36.Qf2 f6 37.b4 h6
38.b5 Kh7 39.b6 Re7 40.Qh4 d2 41.a8=Q Rxa8 42.Qxf6 Rg7  0-1

[Event "34th ch-ISR"]
[Site "Haifa ISR"]
[Date "2008.12.01"]
[Round "1"]
[White "Gershkowich,D"]
[Black "Smirin,I"]
[Result "1/2-1/2"]
[WhiteElo "2341"]
[BlackElo "2649"]

1.e4 c5 2.Nf3 e6 3.c3 Nf6 4.e5 Nd5 5.d4 cxd4 6.cxd4 b6 7.Nc3 Bb7 8.Bd3 Nxc3
9.bxc3 Qc7 10.Bd2 d6 11.O-O Nd7 12.Re1 dxe5 13.Nxe5 Nxe5 14.Rxe5 Bd6 15.Bb5+ Bc6
16.Qf3 Rc8 17.Bxc6+ Qxc6 18.d5 Qb7 19.Rg5 g6 20.Qh3 O-O 21.dxe6 Rce8 22.Re1 fxe6
23.Rg4 Qf7 24.Qh4 Bc5 25.Be3 Bxe3 26.Rxe3 e5 27.Re2 Qd5 28.Rge4 Qd1+ 29.Re1 Qd2
30.f4 Qxc3 31.fxe5 Qc5+ 32.R1e3 Rd8 33.Qe1 Rd4 34.Rxd4 Qxd4 35.h3 Rf5 36.Kh2 Qf4+
37.Kh1 Qc4 38.Kg1 Qd4 39.Kh1 Qf4  1/2-1/2

[Event "34th ch-ISR"]
[Site "Haifa ISR"]
[Date "2008.12.04"]
[Round "3"]
[White "Bykhovsky,An ISR"]
[Black "Smirin,I"]
[Result "1/2-1/2"]
[WhiteElo "2447"]
[BlackElo "2649"]

1.d4 Nf6 2.c4 g6 3.Nc3 Bg7 4.e4 d6 5.Nf3 O-O 6.Be2 e5 7.O-O Nc6 8.d5 Ne7
9.b4 a5 10.bxa5 Rxa5 11.a4 Ra6 12.Rb1 Kh8 13.Bd2 c5 14.Qc1 Nfg8 15.g3 h6
16.Nh4 g5 17.Ng2 f5 18.f4 gxf4 19.gxf4 fxe4 20.Nxe4 Nf5 21.Bc3 Nd4 22.Bxd4 exd4
23.Qc2 Ne7 24.Ng3 Nf5 25.Nxf5 Bxf5 26.Bd3 Qd7 27.Rfe1 Bh3 28.Kh1 Qg4 29.Re6 Rxa4
30.Rg6 Bxg2+ 31.Qxg2 Qxg2+ 32.Kxg2 Rxf4 33.Rxb7 Ra2+ 34.Kg1 Ra1+ 35.Kg2  1/2-1/2

[Event "34th ch-ISR"]
[Site "Haifa ISR"]
[Date "2008.12.07"]
[Round "4"]
[White "Smirin,I"]
[Black "Nabaty,T"]
[Result "1-0"]
[WhiteElo "2649"]
[BlackElo "2456"]

1.e4 e5 2.Nf3 Nc6 3.Bc4 Nf6 4.d3 Bc5 5.c3 O-O 6.O-O d6 7.Bb3 a6 8.Nbd2 Ba7
9.h3 Kh8 10.Nc4 Ne7 11.Be3 Ng6 12.Bxa7 Rxa7 13.Re1 Be6 14.d4 Qe7 15.Qd2 Bxc4
16.Bxc4 Raa8 17.Bf1 Kg8 18.a4 a5 19.Qc2 h5 20.Qd2 Nh7 21.Rad1 Rad8 22.Qe3 h4
23.Rd2 Nf4 24.Kh2 g5 25.Red1 Ng6 26.dxe5 dxe5 27.Kg1 Kg7 28.Bb5 c6 29.Bf1 Rxd2
30.Qxd2 Rb8 31.Nh2 Nhf8 32.Ng4 Ne6 33.Ne3 Qc5 34.Nf5+ Kg8 35.Qe2 Rd8 36.Rxd8+ Nxd8
37.Qd2 Ne6 38.Qd7 b6 39.Nd6  1-0